000 00562nam a2200217Ia 4500
008 101110s9999 xx 000 0 und d
041 _aENGLISH
082 _bSR27301
100 _aVaz Michael (Ed.)
245 _aA new course in botony (FYBSc)
260 _c2005
_bSheth Publication, Mumbai
300 _a406
365 _b175
520 _aBiology/Zoology
546 _aENGLISH
630 _aA new course in botony (FYBSc)
650 _aBiology/Zoology
655 _aBiology/Zoology
730 _aA new course in botony (FYBSc)
942 _cBOOK
999 _c819857
_d819854